书目信息 |
| 题名: |
光子晶体材料在集成光学和光伏中的应用
|
|
| 作者: | 陆晓东 著 | |
| 分册: | ||
| 出版信息: | 北京 冶金工业出版社 2014 |
|
| 页数: | 172页 | |
| 开本: | 24cm | |
| 丛书名: | ||
| 单 册: | ||
| 中图分类: | TN25 , TM615 | |
| 科图分类: | ||
| 主题词: | 光学晶体--guang xue jing ti--应用--集成光学--研究 , 光学晶体--guang xue jing ti--应用--太阳能发电--研究 | |
| 电子资源: | ||
| ISBN: | 978-7-5024-6745-6 | |
| 000 | 01137nam0 2200253 450 | |
| 001 | 2339943641 | |
| 005 | 20231212110559.90 | |
| 010 | @a978-7-5024-6745-6@dCNY66.00 | |
| 100 | @a20141216d2014 em y0chiy50 ea | |
| 101 | 0 | @achi |
| 102 | @aCN@b110000 | |
| 105 | @aak a 000yy | |
| 200 | 1 | @a光子晶体材料在集成光学和光伏中的应用@Aguang zi jing ti cai liao zai ji cheng guang xue he guang fu zhong de ying yong@f陆晓东著 |
| 210 | @a北京@c冶金工业出版社@d2014 | |
| 215 | @a172页@c图@d24cm | |
| 320 | @a有书目 (第155-172页) | |
| 330 | @a本书包括光子晶体色散曲线的计算、光子晶体高阶带隙的性质、集成用光子晶体窄带滤波器研究、超薄晶硅太阳电池陷光结构设计等, 书中各章的光子晶体色散曲线、瞬态光场分布、透射谱和反射谱数据, 均为作者原创性成果。此外, 为能比较全面的反映光子晶体研究的进展情况, 本书对光子晶体材料研究的发展趋势、设计方法、加工技术等进行了详细阐述。 | |
| 606 | 0 | @a光学晶体@Aguang xue jing ti@x应用@x集成光学@x研究 |
| 606 | 0 | @a光学晶体@Aguang xue jing ti@x应用@x太阳能发电@x研究 |
| 690 | @aTN25@v5 | |
| 690 | @aTM615@v5 | |
| 701 | 0 | @a陆晓东@Alu xiao dong@4著 |
| 801 | 0 | @aCN@b湖北三新@c20141216 |
| 905 | @aZUCC@dTN25@e1 | |
| 光子晶体材料在集成光学和光伏中的应用/陆晓东著.-北京:冶金工业出版社,2014 |
| 172页:图;24cm |
| ISBN 978-7-5024-6745-6:CNY66.00 |
| 本书包括光子晶体色散曲线的计算、光子晶体高阶带隙的性质、集成用光子晶体窄带滤波器研究、超薄晶硅太阳电池陷光结构设计等, 书中各章的光子晶体色散曲线、瞬态光场分布、透射谱和反射谱数据, 均为作者原创性成果。此外, 为能比较全面的反映光子晶体研究的进展情况, 本书对光子晶体材料研究的发展趋势、设计方法、加工技术等进行了详细阐述。 |
| ● |
| 相关链接 |
|
|
|
正题名:光子晶体材料在集成光学和光伏中的应用
索取号:TN25/1
 
预约/预借
| 序号 | 登录号 | 条形码 | 馆藏地/架位号 | 状态 | 备注 |
| 1 | 2001459905 | 2001459905 | 213主题书屋/213室1架2层2列/ [索取号:TN25/1] | 在馆 | |
| 2 | 2001459906 | 2001459906 | 213主题书屋/213室1架2层2列/ [索取号:TN25/1] | 在馆 | |
| 3 | 2001459907 | 2001459907 | 213主题书屋/213室1架2层2列/ [索取号:TN25/1] | 在馆 | |
| 4 | 2001459908 | 2001459908 | 213主题书屋/213室1架2层2列/ [索取号:TN25/1] | 在馆 | |
| 5 | 2001459909 | 2001459909 | 213主题书屋/213室1架2层2列/ [索取号:TN25/1] | 在馆 | |
| 6 | 2001459910 | 2001459910 | 213主题书屋/213室1架2层2列/ [索取号:TN25/1] | 在馆 | |
| 7 | 2001459911 | 2001459911 | 218书库/ [索取号:TN25/1] | 在馆 | |
| 8 | 2001459912 | 2001459912 | 218书库/ [索取号:TN25/1] | 在馆 | |
| 9 | 2001459913 | 2001459913 | 218书库/ [索取号:TN25/1] | 在馆 | |
| 10 | 2001459914 | 2001459914 | 218书库/ [索取号:TN25/1] | 在馆 | |
| 11 | 2001459915 | 2001459915 | 218书库/ [索取号:TN25/1] | 在馆 | |
| 12 | 2001459916 | 2001459916 | 218书库/ [索取号:TN25/1] | 在馆 | |
| 13 | 2001459917 | 2001459917 | 214主题书屋/ [索取号:TN25/1] | 在馆 | |
| 14 | 2001459918 | 2001459918 | 214主题书屋/ [索取号:TN25/1] | 在馆 | |
| 15 | 2001459919 | 2001459919 | 214主题书屋/ [索取号:TN25/1] | 在馆 | |
| 16 | 2001459920 | 2001459920 | 214主题书屋/ [索取号:TN25/1] | 在馆 |